| 000 | 01049cam a22002771 4500 | ||
|---|---|---|---|
| 001 | l 42000091 | ||
| 003 | DLC | ||
| 005 | 20260227111538.0 | ||
| 008 | 841204s1941 dcua f000 0 eng c | ||
| 010 | _al 42000091 | ||
| 035 | _a(OCoLC)11450976 | ||
| 040 |
_aU.S. Dept. of labor. Libr. _cNAlA-M _dDLC |
||
| 042 | _apremarc | ||
| 050 | 0 | 0 |
_aRA609 _b.U6 1939 |
| 082 | _a362.70973 | ||
| 110 | 1 |
_aUnited States. _bChildren's Bureau. |
|
| 245 | 1 | 0 |
_aMaternal and child-health services under the Social security act, title V, Part 1; _bdevelopment of program, 1936-39 ... |
| 260 |
_a[Washington, _bU.S. Govt. Print. Off., _c1941] |
||
| 300 |
_avi, 109 p. incl. tables, diagrs. _c23 cm. |
||
| 490 | 1 |
_aIts Bureau publication, _vno. 259 |
|
| 500 | _aAt head of title: United States Dept. of labor, Frances Perkins, secretary. Children's bureau, Katharine F. Lenroot, chief. | ||
| 650 | 0 | _aChild care. | |
| 650 | 0 | _aMothers. | |
| 650 | 0 |
_aInfants _xCare and hygiene. |
|
| 810 | 1 |
_aUnited States. _bChildren's Bureau. _tBureau publication, _vno. 259. |
|
| 999 |
_c36381 _d36381 |
||